000 00577cam a22002411 4500
001 sa 68010757
003 DLC
005 20260227112555.0
008 890828s1968 ii 000 0 hino
010 _asa 68010757
035 _a(OCoLC)20270709
040 _aDLC
_cWaU
_dDLC
042 _apremarc
043 _aa-ii---
050 0 0 _aLB1025
_b.B54
100 0 _aVinobā,
_d1895-1982
245 1 0 _aŚikshā, śikshaka aura śikshārthī.
260 _c[1968]
300 _a78 p.
_c19 cm.
500 _aIn Hindi.
650 0 _aTeaching.
650 0 _aEducation
_zIndia.
999 _c83517
_d83517